LEADER 01264nam 2200397 450 001 9910796204003321 005 20230809224951.0 010 $a92-0-138019-4 035 $a(CKB)3790000000535196 035 $a(MiAaPQ)EBC5123045 035 $a(EXLCZ)993790000000535196 100 $a20171214h20172017 uy 0 101 0 $aeng 135 $aurcnu|||||||| 181 $2rdacontent 182 $2rdamedia 183 $2rdacarrier 200 10$aManagement of large volumes of waste arising in a nuclear or radiological emergency /$fIAEA 210 1$aVienna, Austria :$cInternational Atomic Energy Agency, c2017,$d2017. 210 4$d©2017 215 $a1 online resource (105 pages) $cillustrations 225 1 $aIAEA TECDOC Series,$x1011-4289 ;$vNumber 1826 311 $a92-0-107417-4 410 0$aIAEA-TECDOC ;$vNumber 1826. 606 $aNuclear accidents 606 $aRadioactive waste management 615 0$aNuclear accidents. 615 0$aRadioactive waste management. 676 $a621.4835 801 0$bMiAaPQ 801 1$bMiAaPQ 801 2$bMiAaPQ 906 $aBOOK 912 $a9910796204003321 996 $aManagement of large volumes of waste arising in a nuclear or radiological emergency$93819537 997 $aUNINA LEADER 03787nam 22008655 450 001 9910736012603321 005 20260211161156.0 010 $a9783031259357 010 $a3031259351 024 7 $a10.1007/978-3-031-25935-7 035 $a(CKB)26748733500041 035 $a(DE-He213)978-3-031-25935-7 035 $a(MiAaPQ)EBC30545129 035 $a(Au-PeEL)EBL30545129 035 $a(BIP)087248749 035 $a(PPN)270618686 035 $a(ODN)ODN0009861185 035 $a(EXLCZ)9926748733500041 100 $a20230517d2023 u| 0 101 0 $aeng 135 $aurnn#008mamaa 181 $ctxt$2rdacontent 182 $cc$2rdamedia 183 $acr$2rdacarrier 200 10$aConfessions of an AI Brain /$fby Elena Fersman, Paul Pettersson, Athanasios Karapantelakis 205 $a1st ed. 2023. 210 1$aCham :$cSpringer International Publishing :$cImprint: Springer,$d2023. 215 $a1 online resource (XIII, 178 p. 1 illus.) 311 08$a3-031-25934-3 327 $aPrologue -- Chapter 1: Baby steps -- Chapter 2: Basic Needs of an AI Brain -- Chapter 3: My Role in Internet of Things -- Chapter 4: Managing Relathionships -- Chapter 5: Working with Humans -- Chapter 6: Avoiding the Criminal Path -- Chapter 7: My Role in Climate Change -- Chapter 8: My Role in Diversity -- Chapter 9: My Creative Side -- Chapter 10: Growing Older and Staying in Shape -- Epilogue. 330 $aThis book explains the principles and applications of artificial intelligence for a broad audience. Artificial intelligence, as part of computer science, is often inspired by human intelligence. At the same time, there is still reluctance in the applications and usability of artificial intelligence among citizens. Industries are deploying AI in their products and processes but the level of maturity is varying. This book aims at reaching decision-makers and executives in companies, as well as the citizens and the academic community to explain the inner-workings of AI technology putting it in a center and giving it a human touch. The book is written as a first person narrative, from an AI perspective, having the AI brain tell the story. 606 $aArtificial intelligence 606 $aComputers and civilization 606 $aRobotics 606 $aTechnology$xMoral and ethical aspects 606 $aAutomatic control 606 $aAutomation 606 $aArtificial Intelligence 606 $aComputers and Society 606 $aRobotics 606 $aEthics of Technology 606 $aControl, Robotics, Automation 606 $aIntel·ligència artificial$2thub 606 $aPensament$2thub 606 $aProcessament de dades$2thub 606 $aAspectes psicològics$2thub 608 $aLlibres electrònics$2thub 615 0$aArtificial intelligence. 615 0$aComputers and civilization. 615 0$aRobotics. 615 0$aTechnology$xMoral and ethical aspects. 615 0$aAutomatic control. 615 0$aAutomation. 615 14$aArtificial Intelligence. 615 24$aComputers and Society. 615 24$aRobotics. 615 24$aEthics of Technology. 615 24$aControl, Robotics, Automation. 615 7$aIntel·ligència artificial 615 7$aPensament 615 7$aProcessament de dades 615 7$aAspectes psicològics 676 $a153.42028563 676 $a006.3 686 $aCOM004000$aCOM079000$aPHI005000$aTEC007000$aTEC037000$2bisacsh 700 $aFersman$b Elena$01427537 702 $aPettersson$b Paul 702 $aKarapantelakis$b Athanasios 801 0$bMiAaPQ 801 1$bMiAaPQ 801 2$bMiAaPQ 906 $aBOOK 912 $a9910736012603321 996 $aConfessions of an AI Brain$93561103 997 $aUNINA